000 00658nam a22001937a 4500
005 20120525141142.0
010 _aB-477813
020 _a9788171949663
_c510.00
037 _aK.K.Pub/Bl2032/23.5.12
_bRP/Shahdara
082 _a336.24
100 _aSinghania,Vinod K.
_947923
245 _aStudent guide to Income Tax 2012-2013 /
_cby Vinod K. Singhania
260 _aNew Delhi
_bTaxman pub
_c2012
270 _a21/35 West punjabi Bagh
_bNew Delhi
300 _avi,1011pg
_c24cm
710 _amonica singhania
_947924
942 _2ddc
_cEN
_h336.24
_mSIN
999 _c67161
_d67161